Informačný a rozhodovací proces v systéme kontroly

Riadenie a rozhodovacie procesy vo verejnej správe. Druhy rozhodovacích procesov vo výkone verejnej správy. Riadenie ako informačný proces. Budovanie informačného systému vo verejnej správe.

Gespeichert in:
Bibliographische Detailangaben
1. Verfasser: Benčo, Ján
Format: Buchkapitel
Sprache:Slowakisch
Schlagworte:
Tags: Tag hinzufügen
Keine Tags, Fügen Sie das erste Tag hinzu!

MARC

LEADER 00000naa a2200000 4500
001 r016324
005 20221213114846.2
041 0 |a slo 
044 |a SK 
245 1 0 |a Informačný a rozhodovací proces v systéme kontroly  |c Ján Benčo 
520 |a Riadenie a rozhodovacie procesy vo verejnej správe. Druhy rozhodovacích procesov vo výkone verejnej správy. Riadenie ako informačný proces. Budovanie informačného systému vo verejnej správe. 
610 2 0 |a procesy rozhodovacie 
610 2 0 |a správa verejná 
610 2 0 |a správa štátna 
610 2 0 |a orgány štátne 
610 2 0 |a rozhodovanie 
610 2 0 |a systémy informačné 
100 1 |a Benčo, Ján